| 000 | 01930cam a22003611a 4500 | ||
|---|---|---|---|
| 001 | B-264873-878 | ||
| 005 | 20050820165951.0 | ||
| 008 | 920422s1939 nyua j 000 1 eng | ||
| 010 | _aB-264873-878 | ||
| 020 |
_a04480898181 _c135.00 |
||
| 035 | _aB-264873-878 | ||
| 040 |
_aDPL _bEN |
||
| 082 | _aN | ||
| 100 | _aDixon, Franklin W. | ||
| 245 |
_aThe twisted claw / _cby Franklin W. Dixon |
||
| 260 |
_aNew York : _bGrosset & Dunlap, _c2003 |
||
| 300 |
_a177 p. : _bill. _c20 cm (Hb) |
||
| 490 | _aThe Hardy boys mystery stories 18 | ||
| 500 | _aIllustrated lining-papers. | ||
| 650 | _aDetective and mystery stories. | ||
| 700 | _aLaune, Paul. | ||
| 800 |
_aDixon, Franklin W. _tHardy boys mystery stories. |
||
| 942 |
_2ddc _cCH _hN _mDIX |
||
| 999 |
_c14599 _d14599 |
||